Oscar Gewinner 2026 - Statistiken

Allgemein
  • Dieses Quiz wurde 3 mal gespielt
  • Das Durchschnittsergebnis liegt bei 8 aus 25
Antwortstatistiken
Hint Antwort % Korrekt
Bester Film One Battle After Another
100%
Bester Hauptdarsteller Blood & Sinners
67%
Beste Hauptdarstellerin Hamnet
67%
Beste Regie One Battle After Another
67%
Bester Nebendarsteller One Battle After Another
67%
Beste visuelle Effekte Avatar: Fire and Ash
33%
Bestes Originaldrehbuch Blood & Sinners
33%
Beste Kamera Blood & Sinners
33%
Beste Filmmusik Blood & Sinners
33%
Bestes Szenenbild Frankenstein
33%
Bestes Kostümdesign Frankenstein
33%
Bestes Make-Up und Frisuren Frankenstein
33%
Bester Filmsong KPop Demon Hunters
33%
Bester Animationsfilm KPop Demon Hunters
33%
Bestes adaptiertes Drehbuch One Battle After Another
33%
Bestes Casting One Battle After Another
33%
Bester Schnitt One Battle After Another
33%
Bester Dokumentar-Kurzfilm All die leeren Zimmer
0%
Bester animierter Kurzfilm Das Mädchen, das Perlen weinte
0%
Bester Kurzfilm (stimmgleich) Deux personnes échangeant de la salive
0%
Bester Dokumentarfilm Ein Nobody gegen Putin
0%
Bester Ton F1
0%
Bester internationaler Film Sentimental Value
0%
Bester Kurzfilm (stimmgleich) The Singers
0%
Beste Nebendarstellerin Weapons - Die Stunde des Verschwindens
0%
Keine übereinstimmenden Quizze gefunden
Verteilung der Resultate
Anzahl Personen mit jedem Resultat
Perzentil nach korrekt beantworteten Fragen
Ihre Resultats-Entwicklung
Sie haben dieses Quiz noch nicht gespielt